[Event "China zt 3.5"]
[Site "Shaoxing"]
[Date "2021.05.26"]
[Round "4"]
[White "Zhong, Kangmin"]
[Black "Peng, Hongchi"]
[Result "0-1"]
[WhiteElo "1825"]
[BlackElo "2398"]
[PlyCount "76"]
[EventDate "2021.05.23"]
[EventType "swiss"]
[EventRounds "9"]
[EventCountry "CHN"]
[SourceTitle "CBM 202 Extra"]
[Source "ChessBase"]
[SourceDate "2021.07.31"]
[SourceVersion "1"]
[SourceVersionDate "2021.07.31"]
[SourceQuality "1"]

1. d4 Nf6 2. c4 g6 3. Nf3 Bg7 4. g3 0-0 5. Bg2 c5 6. 0-0 cxd4 7. Nxd4 Nc6 8. Nc3 Qc7 9. Bf4 Qb6 10. Nb3 d6 11. Rc1 Be6 12. Nd5 Qd8 13. Qd2 a5 14. Rfd1 a4 15. Na1 Nd7 16. Bh6 Qa5 17. Bxg7 Qxd2 18. Rxd2 Kxg7 19. Nc7 Ra5 20. Nxe6+ fxe6 21. Nc2 Nc5 22. Ne1 Nb4 23. Ra1 b5 24. Nd3 Nbxd3 25. exd3 bxc4 26. dxc4 g5 27. Re1 Ra6 28. Bh3 e5 29. Bg2 Rb6 30. Bd5 Rfb8 31. Ree2 Kf6 32. Kf1 Rb4 33. Ke1 e6 34. Be4 Rxc4 35. Bxh7 e4 36. Rxd6 Rh8 37. Bxe4 Nxe4 38. b3 Rc1+ 0-1

[Event "Belt and Road Hunan op-C"]
[Site "Changsha"]
[Date "2019.08.02"]
[Round "8"]
[White "Zhong, Kangmin"]
[Black "Song, Linxuan"]
[Result "1/2-1/2"]
[WhiteElo "1823"]
[BlackElo "1435"]
[PlyCount "61"]
[EventDate "2019.07.29"]
[EventType "swiss"]
[EventRounds "9"]
[EventCountry "CHN"]
[SourceTitle "EXT 2020"]
[Source "ChessBase"]
[SourceDate "2019.10.17"]
[SourceVersion "1"]
[SourceVersionDate "2019.10.17"]
[SourceQuality "1"]

1. d4 Nf6 2. c4 e6 3. Nf3 d5 4. g3 Be7 5. Bg2 0-0 6. 0-0 dxc4 7. Qc2 a6 8. Qxc4 b5 9. Qc2 Bb7 10. Bd2 Be4 11. Qc1 Nbd7 12. Ba5 Rc8 13. Nbd2 Bb7 14. Ne5 Bxg2 15. Kxg2 Nxe5 16. dxe5 Qd5+ 17. Nf3 Ne4 18. Rd1 Qc5 19. Qxc5 Bxc5 20. e3 Bb6 21. Bxb6 cxb6 22. Rd4 Rc4 23. Rad1 Ra4 24. Rxa4 bxa4 25. Rd4 Nc5 26. Rd6 Rb8 27. Nd2 b5 28. Kf3 Kf8 29. Ne4 Rc8 30. Nxc5 Rxc5 31. Rxa6 1/2-1/2